• 首页
  • 本馆介绍
  • 公告通知
  • 最新文献
  • 馆藏检索
  • 电子资源
  • 读者导购
  • 参考咨询
  • 我的图书馆
  • 登录
  • 详细信息显示
  • 放入我的书架
  • 预约/预借图书
  • 作者相关作品
  • 分类相关作品
  • 丛书相关作品
  • 出版社相关作品

书目信息

  • 表格格式
  • 工作单格式
  • 卡片格式
书名: Materialism and empirio-criticism
作者: V.I. Lenin.
分册号:
分册名:
出版地: Peking :
 
出版社: Foreign Languages Press
出版时间: 1972.
页数: 450 p. ;
开本: port. ;
丛书名:
中图分类号:
科图分类号:
其他分类号: A223
主题词:
电子资源:
000 01151cam a2200433 a 4500
001 E0734330668
003 CAL
005 20070721093534.53
008 700729s1972 cc c 000 0 eng d
040    @cSJT
041 1  @aeng@arus
050 0  @aB809.8@b.L413
082    @a335.41/1
090    @aA223
093    @aA223@23
099    @dA223@ex22
100 1  @aLenin, Vladimir Il'ich,@d1870-1924.
240 10 @aMaterializm i empiriokrititsizm.@lEnglish
245 10 @aMaterialism and empirio-criticism / @cV.I. Lenin.
260    @aPeking :@bForeign Languages Press,@c1972.
300    @a450 p. ;@cport. ;@c20 cm.
500    @aTranslation of: Materializm i empiriokrititsizm.
600 10 @aMarx, Karl,@d1818-1883.
650  0 @aKnowledge, Theory of.
650  0 @aDialectical materialism.
650  0 @aPhilosophy@xHistory.
920    @a244010@z1
920    @a243160@z1
920    @a215010@z1
920    @a231030@z1
920    @a261020@z2
920    @a243040@z1
920    @a235010@z2
920    @a211010fg@z2
920    @a242010@z1
920    @a242120@z1
920    @a245010@z1
920    @a237010@z2
998    @aSJT
    
    Materialism and empirio-criticism / / V.I. Lenin.-Peking : : Foreign Languages Press, , 1972.
    450 p. ; ; port. ; ; 20 cm.
    Translation of: Materializm i empiriokrititsizm.
    
    ISBN
    
●
相关链接 在E读中查询图书 在五车中查询图书 在当当中查询图书 在豆瓣中查询图书


正题名:Materialism and empirio-criticism     索取号:A223/x22         预约/预借

序号 登录号 条形码 馆藏地/架位号 状态 备注
1 0013502   300135020   第四借阅区/ [索取号:A223/x22] 在馆    
唐山师范学院图书馆 欢迎您!
大连网信软件有限公司© 版权所有